000 00343nam a2200145Ia 4500
008 230917s9999||||xx |||||||||||||| ||und||
040 _e29732
_aMAIN
041 _aEnglish
082 _a150 B268P
100 _aBaron, Robert A
245 0 _aPsychology
260 _aNew Delhi
_bPrentice-Hall of India
_c1996
300 _a728 p.
942 _cBK
999 _c92664
_d92664